Heroes of Olympus quote quiz - Statistics

General Stats
  • This quiz has been taken 719 times
  • The average score is 8 of 9
Answer Stats
Hint Answer % Correct
"Hercules,huh?.....That guy was like the Starbucks of Ancient Greece. Everywhere you turn--there he is" Percy Jackson
99%
"Lots of death, huh? Personally I'm trying to avoid lots of death, but you guys have fun" Leo Valdez
98%
"After all they'd been through over the last year, he knew that the most important thing was that they were together." Annabeth Chase
96%
“The plan had three phases: dangerous, really dangerous and insanely dangerous." Frank Zhang
96%
"I'm not choosing one of your paths, I'm making one of my own" Hazel Levesque
96%
"Maybe people with special gifts show up when bad things are happening because that’s when they’re needed most.” Jason Grace
95%
"Being a hero doesn't mean your invincible. It just means that you're brave enough to stand up and do what's needed" Piper Mclean
94%
"Percy is the most powerful demigod I've ever met. No offense to you guys but it's true." Nico di Angelo
92%
"Sharing is good. No more blackouts. Biggest American blackout, August 14, 2003. Hazel shared. No more blackouts" Ella
71%
No matching quizzes found
Score Distribution
Percent of People with Each Score
Percentile by Number Answered
Your Score History
You have not taken this quiz